Intermediate Algebra

With the textbook and Connect Mathematics hosted by ALEKS, a new online homework and assessment tool, students can practice and master their understanding of algebraic concepts.

Đã lưu trong:
Bibliografiske detaljer
Hovedforfatter: Messersmith, Sherri
Format: Bog
Sprog:Undetermined
Udgivet: New York McGraw Hill 2012
Fag:
Tags: Tilføj Tag
Ingen Tags, Vær først til at tagge denne postø!
Thư viện lưu trữ: Trung tâm Học liệu Trường Đại học Cần Thơ
LEADER 00715nam a2200205Ia 4500
001 CTU_209904
008 210402s9999 xx 000 0 und d
020 |c 249.91 
082 |a 512.9 
082 |b M584 
100 |a Messersmith, Sherri 
245 0 |a Intermediate Algebra 
245 0 |c Sherri Messersmith 
260 |a New York 
260 |b McGraw Hill 
260 |c 2012 
520 |a With the textbook and Connect Mathematics hosted by ALEKS, a new online homework and assessment tool, students can practice and master their understanding of algebraic concepts. 
650 |a Đại số,Algebra 
904 |i Huỳnh Nhựt Tân, Tuyến 
980 |a Trung tâm Học liệu Trường Đại học Cần Thơ